书目信息 |
| 题名: |
现代英汉词典
|
|
| 作者: | 文一茹 主编 | |
| 分册: | ||
| 出版信息: | 乌鲁木齐 新疆科技卫生出版社 2003.12 |
|
| 页数: | 790页 | |
| 开本: | 23cm | |
| 丛书名: | ||
| 单 册: | ||
| 中图分类: | G624.313 , H316 | |
| 科图分类: | ||
| 主题词: | 英语 | |
| 电子资源: | ||
| ISBN: | 7-5372-3530-9 | |
| 000 | 00570nam0 2200205 450 | |
| 001 | 1754673107 | |
| 005 | 20170410151325.36 | |
| 010 | @a7-5372-3530-9@dCNY25.00 | |
| 100 | @a20170410d2003 km y0chiy0120 ea | |
| 101 | 0 | @achi |
| 102 | @aCN@b650000 | |
| 200 | 1 | @a现代英汉词典@Axian dai ying han ci dian@f文一茹主编@Fwen yi ru zhu bian |
| 210 | @a乌鲁木齐@c新疆科技卫生出版社@d2003.12 | |
| 215 | @a790页@d23cm | |
| 606 | 0 | @a英语 |
| 690 | @aG624.313@v4 | |
| 690 | @aH316@v4 | |
| 701 | 0 | @a文一茹@Awen yi ru@4主编 |
| 801 | 0 | @aCN@bMUSE@c20170410 |
| 905 | @aMUSE@dH316@eW663 | |
| 现代英汉词典/文一茹主编.-乌鲁木齐:新疆科技卫生出版社,2003.12 |
| 790页;23cm |
| ISBN 7-5372-3530-9:CNY25.00 |
| ● |
| 相关链接 |
|
|
|
正题名:现代英汉词典
索取号:H316/W663
 
预约/预借
| 序号 | 登录号 | 条形码 | 馆藏地/架位号 | 状态 | 备注 |
| 1 | 483270 | 204832707 | 语言库209/209语言库 41排1列6层/ [索取号:H316/W663] | 在馆 |